000
00287nam a2200133Ia 4500
100
_a
Lundy/J.L
942
_c
BK
654
_a
Industrial
245
_a
Effective Industrial Management
260
_b
Eurasia publishing house
_c
2001
082
_a
658
300
_a
588
546
_a
ENGLISH
999
_c
28099
_d
28099